000 00705nam a2200289Ia 4500
005 20260324142634.0
008 008 260324s9999 xx 000 0 eng d
020 _a9780203751008
037 _aEBOOK
040 _aCRL
040 _beng
040 _cCRL
041 _2eng
041 _aeng
084 _qCRL
100 _aDouglas H. Bell; Lewis H. Bell
_91212697
245 0 _aIndustrial Noise Control
245 0 _bFundamentals and Applications, Second Edition
260 _bTaylor and Francis
260 _c1994
365 _a
365 _b640
856 _uhttp://www.taylorfrancis.com/books/9780203751008
942 _cEBOOK
999 _c1817101
_d1817101